Les chars de la seconde guerre mondial - Statistiques

Statistiques générales
  • Ce quiz a été pris 60 fois
  • Le résultat moyen est 22 sur 41
Statistiques - réponses
Par images Réponse % Correct
Panzerkampfwagen VI Tiger
98%
KV-1
90%
Panzerkampfwagen VIII Maus
85%
Panzerkampfwagen VI Tiger II
83%
Sturmgeschütz III
83%
Churchill Mark VII
80%
KV-2
80%
T-34 (1942)
80%
B1
78%
IS-2
75%
Jagdpanzer Elefant
75%
Panzerkampfwagen V Panther
75%
ARL 44
73%
Panzerkampfwagen II
68%
BT-7
65%
Gun Motor Carriage T28
60%
Panzerkampfwagen IV
60%
T-28
60%
M3 Stuart
58%
SU-152
58%
M4A1 Sherman
55%
M24 Chaffee
53%
M3 Lee/Grant
53%
Sherman M4A3E2 "Jumbo"
53%
M26 Pershing
50%
RW61 auf Sturmmörser Tiger
50%
M10 Wolverine
48%
Matilda Mark II
48%
Panzerkampfwagen III
48%
Sd.Kfz. 234
43%
Sherman Firefly
40%
T-26
35%
43M Turán III
30%
USMC LVT-1s
30%
Valentine Archer
30%
Type 97 Chi-Ha
28%
M16 Multiple Gun Motor Carriage
23%
Ansaldo P26/40
18%
Type 5 Chi-Ri
15%
Type 1 Chi-He
13%
Crusader Mk VI
0%
Aucun quiz correspondant
Distribution des résultats
% des personnes avec chaque résultat
Percentile par nombre de réponses
Votre historique - résultats
Vous n’avez pas pris ce quiz